| 000 | 01069cam a22002894a 4500 | ||
|---|---|---|---|
| 001 | 14756920 | ||
| 005 | 20241028141228.0 | ||
| 007 | co gnu|||||||| | ||
| 008 | 070301s2008 paua b 001 0 eng | ||
| 020 | _a9780781791694 | ||
| 020 | _a0781791693 | ||
| 050 | 0 | 0 |
_aRC440 _b.P749 2008 |
| 082 | 0 | 0 |
_a616.89/0231 _222 |
| 245 | 0 | 0 |
_aPsychiatric nursing : _bcontemporary practice / _c[edited by] Mary Ann Boyd. |
| 250 | _a4th ed. | ||
| 260 |
_aPhiladelphia : _bWolters Kluwer Health/Lippincott Williams & Wilkins, _cc2008. |
||
| 300 |
_axxiv, 952 p. : _bcol. ill. ; _c29 cm. + _e1 CD-ROM (4 3/4 in.) |
||
| 500 | _aIncludes Glossary, Appendix and Index | ||
| 650 | 0 | _aPsychiatric nursing. | |
| 650 | 1 | 2 |
_aMental Disorders _xnursing. |
| 650 | 2 | 2 |
_aNursing Care _xmethods. |
| 650 | 2 | 2 |
_aPsychiatric Nursing _xmethods. |
| 700 | 1 |
_aBoyd, M. _q(Mary Ann) |
|
| 856 | 4 | 1 |
_3Table of contents only _uhttp://www.loc.gov/catdir/toc/ecip0712/2007008911.html |
| 856 | 4 | 2 |
_3Publisher description _uhttp://www.loc.gov/catdir/enhancements/fy0712/2007008911-d.html |
| 942 |
_2lcc _cBK _n0 |
||
| 999 |
_c286 _d286 |
||